000 00396nas a2200169 a 4500
001 154634
003 248893
005 20201118123347.0
008 170117e2017 ck ||||||||| 000 0 spa d
041 _aspa
245 0 _aRevista Semana - No.1811 (15-22 ene. 2017)
260 _aBogotá :
_c2017.
562 _e13
773 _016112
_aSemana
942 _cSISS
999 _c154634
_d154634